000
00303nam a2200133Ia 4500
008
231017s9999 xx 000 0 und d
082
_a
625.704
082
_b
MCN
245
0
_a
Austroads project evaluation compendium
245
0
_c
Austroads
260
_b
Austroads
300
_c
30cm
942
_c
REP
999
_c
605855
_d
605855